Professional tax handbook 2006/2007 (Record no. 10272)
[ view plain ]
| 000 -LEADER | |
|---|---|
| fixed length control field | 00337 a2200097 4500 |
| 005 - DATE AND TIME OF LATEST TRANSACTION | |
| control field | 20191017173440.0 |
| 084 ## - OTHER CLASSIFICATION NUMBER | |
| Classification number | KD5423.99 .B87 |
| 245 ## - TITLE STATEMENT | |
| Title | Professional tax handbook 2006/2007 |
| Medium | |
| 260 ## - PUBLICATION, DISTRIBUTION, ETC. | |
| Place of publication, distribution, etc. | enk |
| Name of publisher, distributor, etc. | Butterworths. |
| Date of publication, distribution, etc. | 2006 |
| 500 ## - GENERAL NOTE | |
| General note | "Setting out the amended text of the Income Tax Acts, Corporation Tax Acts, and acts relating to Capital Gains." |
| 650 ## - SUBJECT ADDED ENTRY--TOPICAL TERM | |
| Topical term or geographic name entry element | tax |
No items available.